[Event "9th Sharjah Cup Women 2018"]
[Site "Sharjah"]
[Date "2018.12.20"]
[Round "9"]
[White "Gu, Xiaobing"]
[Black "Velikic, Adela"]
[Result "1-0"]
[WhiteElo "2295"]
[BlackElo "2298"]
[Annotator "NA"]
[PlyCount "61"]
[EventDate "2018.12.14"]
[EventType "swiss"]
[EventCountry "UAE"]
[SourceTitle "playchess.com"]
[Source "ChessBase"]
[SourceQuality "1"]
[TimeControl "5400+30"]

{[%evp 15,59,6,32767,32767,-25,0,3,-120,-137,-112,-151,-135,-22,-53,151,-43,-33,-44,32767,32767,-239,-229,-193,-259,-247,-231,-158,-150,-122,-251,-149,-143,-20,-6,-3,32767,32767,32767,32767,32767,32767,32767,32767,32767,32767,823]} 1. e4 {[%emt 0:00:00]} c6 {[%emt 0:00:00]} 2. d4 {[%emt 0:00:00]} d5 {[%emt 0:00:00]} 3. f3 {[%emt 0:00:08]} e6 {[%emt 0:00:00]} 4. Nc3 {[%emt 0:00:20]} Bb4 {[%emt 0:00:08]} 5. Bf4 {[%emt 0:00:33]} Ne7 {[%emt 0:02:12] B12: Caro-Kann: Advance Variation} 6. Qd3 {[%emt 0:00:34]} (6. Nge2 b6 7. a3 Bd6 8. Qd2 Ba6 9. O-O-O O-O 10. h4 Bxf4 11. Qxf4 Nd7 12. h5 h6 13. g4 {0-1 (50) Li,C (2714)-Vaibhav,S (2561) Dresden 2018}) 6... Nd7 {[%emt 0:04:23]} 7. O-O-O {[%emt 0:01:39]} a5 $146 {[%emt 0:14:56]} ({Predecessor:} 7... O-O 8. Nge2 Nb6 9. a3 Bd6 10. e5 Bc7 11. Bg5 Nd7 12. f4 b5 13. Ng3 {1-0 (36) McShane,L (2592)-Minasian,A (2555) Istanbul 2003}) 8. h4 {[%emt 0:18:03]} b6 {[%emt 0:12:44]} 9. Nce2 {[%emt 0:02:12]} Ba6 {[%emt 0:07:22]} 10. Qe3 $1 {[%emt 0:00:08]} c5 {[%emt 0:04:54]} 11. a3 {[%emt 0:07:03]} (11. c3 $11) 11... cxd4 {[%emt 0:02:26]} 12. Qxd4 {[%emt 0:00:18]} e5 $1 {[%emt 0:07:09]} 13. Bxe5 {[%emt 0:00:06] [#]} Bc5 {[%emt 0:07:58]} (13... Nc6 $1 $17 {[%cal Rc6d4]} 14. Qxd5 Ncxe5 15. axb4 axb4) 14. Qc3 {[%emt 0:00:06]} Bxg1 $2 {[%emt 0:02:49] [#]} (14... b5 $1 $15 {stays ahead.} 15. Bd4 (15. exd5 $2 b4 $19) 15... b4) 15. Nxg1 $2 {[%emt 0:05:38]} ({Worse is} 15. Rxg1 Rc8 $15) (15. Bc7 $1 $16 {[%cal Rc7d8]} Be3+ 16. Kb1) 15... Bxf1 $1 {[%emt 0:14:47]} 16. exd5 {[%emt 0:00:43]} ({Don't go for} 16. Rxf1 $2 Rc8 $19) 16... Rc8 {[%emt 0:07:18]} 17. Qe3 {[%emt 0:01:51] [#]} O-O $1 {[%emt 0:02:35]} ({Not} 17... Bxg2 18. Rh2 $11) 18. Bxg7 {[%emt 0:25:45]} Nf5 {[%emt 0:00:57]} ({Weaker is} 18... Bxg2 19. Bxf8 Nf5 {[%mdl 64] Double Attack} 20. Qf4 $16) 19. Qf4 {[%emt 0:01:56]} (19. Qf2 {keeps fighting.} Kxg7 20. g4) 19... Nxg7 {[%emt 0:00:17]} 20. Rxf1 {[%emt 0:00:06]} Qf6 {[%emt 0:01:42]} 21. Ne2 {[%emt 0:02:12]} Rfe8 {[%emt 0:01:31]} 22. Qd2 {[%emt 0:03:00] [#]} (22. Qxf6 $17 Nxf6 23. Nc3) 22... Nf5 {[%emt 0:01:17]} ({Black should try} 22... b5 $1 $19 {[%cal Rb5b4]} 23. Re1 {[#]} b4 $1 {[%mdl 512]} 24. axb4 axb4 25. Qxb4 Ra8) 23. Re1 {[%emt 0:02:08]} Rxe2 {[%emt 0:01:48]} (23... Rc4 $19 24. Nc3 Rxe1+ 25. Rxe1 Qxh4) 24. Qxe2 {[%emt 0:03:06]} Nd4 {[%emt 0:01:20] Double Attack} 25. Qe7 {[%emt 0:08:43]} Rxc2+ {[%emt 0:01:16]} 26. Kb1 {[%emt 0:00:05]} Qxe7 {[%emt 0:00:39]} 27. Rxe7 {[%emt 0:00:02]} Rc7 {[%emt 0:00:26]} 28. d6 {[%emt 0:01:44]} Rb7 {[%emt 0:00:13]} 29. Rc1 {[%emt 0:00:08]} Nf5 {[%emt 0:00:30]} 30. Rc7 $18 {[%emt 0:01:14]} Rxc7 {[%emt 0:00:46]} 31. Re8+ {[%emt 0:00:04]} 1-0

[Event "9th Sharjah Cup Women 2018"]
[Site "Sharjah"]
[Date "2018.12.20"]
[Round "9"]
[White "Kulkarni Bhakti"]
[Black "Berke, Ana"]
[Result "1-0"]
[WhiteElo "2283"]
[BlackElo "2151"]
[Annotator "ChessBase"]
[PlyCount "151"]
[EventDate "2018.12.14"]
[EventType "swiss"]
[EventCountry "UAE"]
[SourceTitle "playchess.com"]
[Source "ChessBase"]
[SourceQuality "1"]
[TimeControl "5400+30"]

1. d4 {[%emt 0:00:00]} d5 {[%emt 0:00:02]} 2. c4 {[%emt 0:00:53]} e6 {[%emt 0:00:06]} 3. Nc3 {[%emt 0:00:25]} a6 {[%emt 0:00:07]} 4. cxd5 {[%emt 0:03:01]} exd5 {[%emt 0:00:07]} 5. Bf4 {[%emt 0:02:52]} Nf6 {[%emt 0:01:14]} 6. e3 {[%emt 0:01:41]} Bd6 {[%emt 0:01:13]} 7. Bg5 {[%emt 0:06:05]} c6 {[%emt 0:01:06]} 8. Bd3 {[%emt 0:00:12]} O-O {[%emt 0:03:35]} 9. Qc2 {[%emt 0:01:22]} h6 {[%emt 0:00:45]} 10. Bh4 {[%emt 0:00:16]} Re8 {[%emt 0:00:57]} 11. Nf3 {[%emt 0:04:25]} Be7 {[%emt 0:03:44]} 12. O-O {[%emt 0:07:22]} Ne4 {[%emt 0:03:20]} 13. Bxe7 {[%emt 0:06:21]} Qxe7 {[%emt 0:00:27]} 14. Bxe4 {[%emt 0:01:34]} dxe4 {[%emt 0:00:12]} 15. Nd2 {[%emt 0:00:07]} f5 {[%emt 0:02:00]} 16. Nc4 {[%emt 0:03:02]} Nd7 {[%emt 0:01:44]} 17. Rfd1 {[%emt 0:04:49]} Nf6 {[%emt 0:03:27]} 18. Nb6 {[%emt 0:01:21]} Rb8 {[%emt 0:00:40]} 19. d5 {[%emt 0:03:52]} cxd5 {[%emt 0:13:34]} 20. Ncxd5 {[%emt 0:00:14]} Nxd5 {[%emt 0:00:47]} 21. Nxd5 {[%emt 0:00:50]} Qf7 {[%emt 0:00:49]} 22. Nc7 {[%emt 0:03:27]} Rf8 {[%emt 0:00:54]} 23. Qb3 {[%emt 0:18:58]} Kh7 {[%emt 0:11:29]} 24. Qb6 {[%emt 0:09:20]} Bd7 {[%emt 0:04:32]} 25. b3 {[%emt 0:00:11]} Rfc8 {[%emt 0:09:32]} 26. Qd6 {[%emt 0:00:16]} Rd8 {[%emt 0:03:25]} 27. Qd5 {[%emt 0:06:16]} Qf6 {[%emt 0:02:28]} 28. Qd4 {[%emt 0:02:19]} Qf7 {[%emt 0:04:06]} 29. Qb6 {[%emt 0:01:18]} Rdc8 {[%emt 0:00:59]} 30. Nd5 {[%emt 0:01:00]} Bc6 {[%emt 0:07:34]} 31. Nb4 {[%emt 0:00:44]} Qf6 {[%emt 0:05:04]} 32. Rac1 {[%emt 0:02:15]} Bb5 {[%emt 0:09:46]} 33. Qxf6 {[%emt 0:00:44]} gxf6 {[%emt 0:00:06]} 34. h3 {[%emt 0:01:36]} Kg7 {[%emt 0:02:57]} 35. Nd5 {[%emt 0:00:16]} Kf7 {[%emt 0:01:16]} 36. Nb6 {[%emt 0:00:51]} Rxc1 {[%emt 0:00:25]} 37. Rxc1 {[%emt 0:00:01]} Bc6 {[%emt 0:00:34]} 38. Rd1 {[%emt 0:00:24]} Ke6 {[%emt 0:00:44]} 39. Kf1 {[%emt 0:00:34]} h5 {[%emt 0:01:03]} 40. h4 {[%emt 0:00:11]} Bb5+ {[%emt 0:00:54]} 41. Ke1 {[%emt 0:00:09]} Bd3 {[%emt 0:00:42]} 42. Rc1 {[%emt 0:00:09]} Rd8 {[%emt 0:01:33]} 43. Na4 {[%emt 0:03:21]} Ke5 {[%emt 0:00:55]} 44. Rc7 {[%emt 0:02:31]} Bb1 {[%emt 0:00:25]} 45. Rxb7 {[%emt 0:00:43]} Rc8 {[%emt 0:00:26]} 46. Re7+ {[%emt 0:01:41]} Kd6 {[%emt 0:00:33]} 47. Ra7 {[%emt 0:00:22]} Rc1+ {[%emt 0:00:13]} 48. Kd2 {[%emt 0:00:03]} Rc2+ {[%emt 0:00:08]} 49. Kd1 {[%emt 0:00:25]} Rxf2 {[%emt 0:00:23]} 50. Rxa6+ {[%emt 0:00:04]} Ke7 {[%emt 0:00:14]} 51. Nc3 {[%emt 0:00:18]} Bd3 {[%emt 0:00:59]} 52. Nd5+ {[%emt 0:00:15]} Kd8 {[%emt 0:00:41]} 53. Ra8+ {[%emt 0:00:53]} Kd7 {[%emt 0:00:21]} 54. Nxf6+ {[%emt 0:00:12]} Kc6 {[%emt 0:00:25]} 55. Nxh5 {[%emt 0:00:24]} Rxg2 {[%emt 0:00:56]} 56. Nf4 {[%emt 0:00:06]} Rh2 {[%emt 0:00:31]} 57. h5 {[%emt 0:01:07]} Kc5 {[%emt 0:00:04]} 58. Ra5+ {[%emt 0:02:48]} Kb4 {[%emt 0:00:35]} 59. Rxf5 {[%emt 0:00:27]} Rxa2 {[%emt 0:00:38]} 60. h6 {[%emt 0:00:13]} Kc3 {[%emt 0:00:47]} 61. Rc5+ {[%emt 0:00:16]} Kxb3 {[%emt 0:00:07]} 62. h7 {[%emt 0:00:24]} Rh2 {[%emt 0:00:40]} 63. Rh5 {[%emt 0:00:37]} Be2+ {[%emt 0:00:35]} 64. Ke1 {[%emt 0:00:08]} Bxh5 {[%emt 0:00:47]} 65. h8=Q {[%emt 0:00:07]} Rh1+ {[%emt 0:00:28]} 66. Kf2 {[%emt 0:00:08]} Bf3 {[%emt 0:00:25]} 67. Qg8+ {[%emt 0:00:30]} Kc3 {[%emt 0:00:25]} 68. Qd5 {[%emt 0:00:41]} Rh2+ {[%emt 0:00:45]} 69. Kg3 {[%emt 0:00:07]} Rh1 {[%emt 0:00:08]} 70. Qd4+ {[%emt 0:00:09]} Kc2 {[%emt 0:00:06]} 71. Nd5 {[%emt 0:00:13]} Rg1+ {[%emt 0:00:34]} 72. Kf4 {[%emt 0:00:05]} Rg4+ {[%emt 0:00:11]} 73. Kf5 {[%emt 0:00:06]} Rg2 {[%emt 0:00:12]} 74. Qc3+ {[%emt 0:00:20]} Kd1 {[%emt 0:00:04]} 75. Nf6 {[%emt 0:00:11]} Rc2 {[%emt 0:00:32]} 76. Qb3 {[%emt 0:00:16]} 1-0

[Event "9th Sharjah Cup Women 2018"]
[Site "Sharjah"]
[Date "2018.12.20"]
[Round "9"]
[White "Nguyen, Thi Mai Hung"]
[Black "Stetsko, Lanita"]
[Result "1-0"]
[WhiteElo "2280"]
[BlackElo "2194"]
[Annotator "NA"]
[PlyCount "89"]
[EventDate "2018.12.14"]
[EventType "swiss"]
[EventCountry "UAE"]
[SourceTitle "playchess.com"]
[Source "ChessBase"]
[SourceQuality "1"]
[TimeControl "5400+30"]

{[%evp 18,89,46,67,46,51,32767,0,104,112,108,103,102,32767,228,220,245,248,32767,32767,32767,32767,257,32767,32767,32767,302,331,32767,32767,339,32767,351,308,304,361,313,408,32767,32767,32767,32767,32767,32767,388,408,417,467,475,564,32767,32767,32767,32767,547,32767,32767,32767,32767,32767,32767,32767,32767,867,926,1190,927,32767,32767,1325,32767,1405,1559,2278]} 1. d4 {[%emt 0:00:00]} g6 {[%emt 0:00:00]} 2. c4 {[%emt 0:00:19]} Bg7 {[%emt 0:00:02]} 3. e4 {[%emt 0:00:40]} e6 {[%emt 0:00:37]} 4. Nc3 {[%emt 0:00:14]} Ne7 {[%emt 0:00:06] A40: Unusual replies to 1 d4} 5. Be3 {[%emt 0:02:22]} d5 {[%emt 0:01:08]} 6. cxd5 {[%emt 0:03:21]} exd5 {[%emt 0:00:52]} 7. e5 {[%emt 0:01:58]} O-O $146 {[%emt 0:05:10]} ({Predecessor:} 7... c5 8. Bb5+ Nbc6 9. Nge2 O-O 10. dxc5 Nxe5 11. O-O a6 12. Bd3 Nxd3 13. Qxd3 {1-0 (38) Jussupow,A (2585)-Skytte,R (2390) Tallinn 2016}) 8. f4 {[%emt 0:01:27]} Nf5 {[%emt 0:04:18]} 9. Bf2 {[%emt 0:00:14]} c5 {[%emt 0:13:34]} 10. dxc5 {[%emt 0:04:47]} d4 {[%emt 0:04:25]} 11. Ne4 {[%emt 0:01:00]} b6 {[%emt 0:08:14]} 12. g4 {[%emt 0:07:54]} ({Better is} 12. Nf3 $14) 12... Bb7 {[%emt 0:25:01]} (12... Ne3 $11 {remains equal.} 13. Bxe3 dxe3) 13. Bg2 {[%emt 0:03:32]} Kh8 {[%emt 0:01:00]} ({Don't go for} 13... Ne3 $2 14. Bxe3 bxc5 {[#]} 15. Nf6+ $1 {[%mdl 512]} Bxf6 16. Bxb7 $18) 14. gxf5 {[%emt 0:03:53]} gxf5 {[%emt 0:00:16]} 15. Qxd4 {[%emt 0:05:14]} bxc5 {[%emt 0:05:46]} (15... Qxd4 $16 {keeps fighting.} 16. Bxd4 fxe4) 16. Qxd8 {[%emt 0:08:07]} ({But not} 16. Nxc5 $2 Bxg2 17. Nf3 (17. Qxd8 $2 Rxd8 18. Ne2 Bxh1 $19) 17... Bxh1 $19) ({Much less strong is} 16. Qxc5 $6 Na6 $14) 16... Rxd8 {[%emt 0:00:01]} 17. Nd6 {[%emt 0:04:06]} ({Not} 17. Bxc5 fxe4 18. Nh3 Nd7 $16) 17... Bxg2 {[%emt 0:00:14]} 18. Nxf7+ {[%emt 0:00:05]} Kg8 {[%emt 0:00:02]} 19. Nxd8 {[%emt 0:00:07]} Bxh1 {[%emt 0:04:22]} 20. Ne6 {[%emt 0:01:57]} Na6 {[%emt 0:02:17]} 21. O-O-O {[%emt 0:14:29]} Nb4 {[%emt 0:02:59]} 22. a3 {[%emt 0:01:32]} ({Don't play} 22. Bxc5 Rc8 $18) 22... Nd5 {[%emt 0:00:32]} 23. Nh3 {[%emt 0:01:08]} Bf3 {[%emt 0:02:40]} 24. Rd3 {[%emt 0:00:14]} Bg4 {[%emt 0:02:44]} 25. Rxd5 {[%emt 0:00:27]} Bxh3 {[%emt 0:00:02]} 26. Rd3 {[%emt 0:00:19]} Bg4 {[%emt 0:00:22]} 27. Rg3 {[%emt 0:13:49]} Bh6 {[%emt 0:00:30]} 28. h3 {[%emt 0:00:10]} Kf7 {[%emt 0:00:04]} 29. hxg4 {[%emt 0:00:06]} Kxe6 {[%emt 0:00:12]} 30. g5 {[%emt 0:00:02]} Bg7 {[%emt 0:00:36]} 31. Rh3 {[%emt 0:00:39]} Rh8 {[%emt 0:03:22]} 32. Bxc5 {[%emt 0:00:33]} Kd5 {[%emt 0:01:27]} 33. Bxa7 {[%emt 0:01:16]} Ke4 {[%emt 0:00:07]} 34. Be3 {[%emt 0:00:30]} Rc8+ {[%emt 0:00:57]} 35. Kb1 {[%emt 0:00:20]} Bf8 {[%emt 0:00:39]} 36. Bc1 {[%emt 0:00:46]} Rc7 {[%emt 0:00:34]} 37. b4 {[%emt 0:02:36]} Kd4 {[%emt 0:00:41]} 38. Kb2 {[%emt 0:00:33]} Rb7 {[%emt 0:03:08]} 39. Kb3 {[%emt 0:03:07]} Rc7 {[%emt 0:00:07]} 40. Bd2 {[%emt 0:00:32]} Rb7 {[%emt 0:00:27]} 41. a4 {[%emt 0:00:34]} Ke4 {[%emt 0:00:32]} 42. a5 {[%emt 0:02:42]} Rd7 {[%emt 0:00:06]} 43. Re3+ {[%emt 0:00:17]} Kd4 {[%emt 0:00:02]} 44. e6 {[%emt 0:01:47]} Rb7 $18 {[%emt 0:00:02]} 45. Re5 {[%emt 0:00:29] Kd5} 1-0

[Event "9th Sharjah Cup Women 2018"]
[Site "Sharjah"]
[Date "2018.12.20"]
[Round "9"]
[White "Zozulia, Anna"]
[Black "Bauyrzhan, Arnash"]
[Result "1/2-1/2"]
[WhiteElo "2270"]
[BlackElo "1978"]
[Annotator "NA"]
[PlyCount "61"]
[EventDate "2018.12.14"]
[EventType "swiss"]
[EventCountry "UAE"]
[SourceTitle "playchess.com"]
[Source "ChessBase"]
[SourceQuality "1"]
[TimeControl "5400+30"]

{[%evp 11,58,49,54,34,21,55,26,22,32767,32767,32767,15,34,44,32767,32767,44,25,16,13,17,10,24,4,14,32767,79,32767,32767,75,32767,32767,94,78,113,19,47,-6,0,0,0,-14,0,0,0,-6,-8,0,0]} 1. c4 {[%emt 0:00:00]} e5 {[%emt 0:00:54]} 2. Nc3 {[%emt 0:00:04]} Nf6 {[%emt 0:00:22]} 3. e3 {[%emt 0:02:11]} d6 {[%emt 0:09:53]} 4. Nf3 {[%emt 0:03:25] A22: English Opening: 1...e5 2 Nc3 Nf6} g6 {[%emt 0:01:17]} 5. d4 {[%emt 0:09:03]} exd4 {[%emt 0:02:17]} (5... Qe7 6. g3 Bg7 7. Bg2 O-O 8. h3 c6 9. b3 e4 10. Nd2 d5 11. a4 {1-0 (23) Grischuk,A (2792)-Eljanov,P (2723) Dubai 2014}) 6. exd4 {[%emt 0:05:06]} Bg7 {[%emt 0:00:46]} 7. Qe2+ {[%emt 0:14:25]} Qe7 {[%emt 0:01:14]} 8. Qxe7+ {[%emt 0:00:34]} Kxe7 {[%emt 0:00:05]} 9. Bg5 {[%emt 0:00:40]} Re8 {[%emt 0:03:14]} 10. O-O-O {[%emt 0:02:09]} Kf8 {[%emt 0:00:18]} 11. h3 $146 {[%emt 0:01:56]} ({Predecessor:} 11. Bxf6 Bxf6 12. Nd5 {½-½ (27) Munoz Santana,D (1979)-Muslem,R Mallorca 2004}) 11... a5 {[%emt 0:10:29]} 12. Bd3 {[%emt 0:09:58]} Na6 {[%emt 0:01:29]} 13. a3 {[%emt 0:00:05]} Bd7 {[%emt 0:01:48]} 14. Kb1 {[%emt 0:08:28]} Bc6 {[%emt 0:03:59]} 15. Rhe1 {[%emt 0:13:33]} Bxf3 {[%emt 0:05:11]} 16. gxf3 {[%emt 0:00:04]} Rxe1 {[%emt 0:03:46]} 17. Rxe1 {[%emt 0:00:03]} Nh5 {[%emt 0:01:14]} 18. Nb5 {[%emt 0:01:34]} Re8 {[%emt 0:02:32]} 19. Rxe8+ {[%emt 0:03:47]} Kxe8 {[%emt 0:00:01] [#]} 20. Be4 $1 {[%emt 0:02:00]} d5 {[%emt 0:08:31]} 21. cxd5 {[%emt 0:00:03]} f5 {[%emt 0:07:40]} 22. Bd3 {[%emt 0:01:50]} f4 {[%emt 0:04:32]} 23. d6 {[%emt 0:04:19]} ({Better is} 23. h4 $16) 23... c6 {[%emt 0:01:38]} 24. d5 {[%emt 0:06:35]} Kd7 {[%emt 0:02:53]} 25. dxc6+ {[%emt 0:06:15]} bxc6 {[%emt 0:00:05]} 26. Nc7 {[%emt 0:01:45]} Nxc7 {[%emt 0:01:01]} 27. dxc7 {[%emt 0:00:03]} Kxc7 {[%emt 0:00:09]} 28. Be7 {[%emt 0:00:56]} Bd4 {[%emt 0:00:19]} 29. Bc4 {[%emt 0:00:29]} Nf6 $11 {[%emt 0:02:41]} 30. Kc2 {[%emt 0:00:58]} Kd7 {[%emt 0:00:47]} 31. Bxf6 {[%emt 0:01:49]} 1/2-1/2

[Event "9th Sharjah Cup Women 2018"]
[Site "Sharjah"]
[Date "2018.12.20"]
[Round "9"]
[White "Enkhtuul, Altan-Ulzii"]
[Black "Kejzar, Petra"]
[Result "1-0"]
[WhiteElo "2267"]
[BlackElo "2062"]
[Annotator "ChessBase"]
[PlyCount "139"]
[EventDate "2018.12.14"]
[EventType "swiss"]
[EventCountry "UAE"]
[SourceTitle "playchess.com"]
[Source "ChessBase"]
[SourceQuality "1"]
[TimeControl "5400+30"]

1. d4 {[%emt 0:00:00]} Nf6 {[%emt 0:00:00]} 2. Nf3 {[%emt 0:00:00]} e6 {[%emt 0:00:00]} 3. g3 {[%emt 0:00:00]} b5 {[%emt 0:00:03]} 4. Bg2 {[%emt 0:00:00]} Bb7 {[%emt 0:00:06]} 5. Bg5 {[%emt 0:00:08]} d5 {[%emt 0:00:25]} 6. O-O {[%emt 0:00:08]} Nbd7 {[%emt 0:00:10]} 7. c3 {[%emt 0:00:42]} Be7 {[%emt 0:00:45]} 8. Qb3 {[%emt 0:00:16]} a6 {[%emt 0:05:06]} 9. Bxf6 {[%emt 0:02:12]} Nxf6 {[%emt 0:01:44]} 10. a4 {[%emt 0:00:34]} O-O {[%emt 0:05:11]} 11. Nbd2 {[%emt 0:02:17]} Qd6 {[%emt 0:03:40]} 12. axb5 {[%emt 0:01:14]} axb5 {[%emt 0:00:20]} 13. Rxa8 {[%emt 0:00:18]} Rxa8 {[%emt 0:00:53]} 14. Qxb5 {[%emt 0:00:53]} Ba6 {[%emt 0:00:51]} 15. Qa4 {[%emt 0:03:16]} Rb8 {[%emt 0:00:59]} 16. Ra1 {[%emt 0:04:10]} Bxe2 {[%emt 0:01:17]} 17. b4 {[%emt 0:00:24]} Nd7 {[%emt 0:08:37]} 18. Qa7 {[%emt 0:06:00]} Qb6 {[%emt 0:02:25]} 19. Bf1 {[%emt 0:05:25]} Bxf1 {[%emt 0:01:34]} 20. Nxf1 {[%emt 0:00:43]} Bd6 {[%emt 0:09:31]} 21. Qa4 {[%emt 0:22:25]} Qb5 {[%emt 0:02:34]} 22. Qxb5 {[%emt 0:01:56]} Rxb5 {[%emt 0:00:02]} 23. Ne3 {[%emt 0:02:33]} Rb8 {[%emt 0:05:13]} 24. Kf1 {[%emt 0:01:20]} Nb6 {[%emt 0:02:42]} 25. Ke2 {[%emt 0:07:47]} Ra8 {[%emt 0:00:56]} 26. Ra5 {[%emt 0:00:29]} f6 {[%emt 0:10:37]} 27. Kd3 {[%emt 0:02:34]} c6 {[%emt 0:02:40]} 28. Nd2 {[%emt 0:06:45]} Kf7 {[%emt 0:02:57]} 29. Nb3 {[%emt 0:04:48]} Ke7 {[%emt 0:00:54]} 30. f4 {[%emt 0:04:34]} g6 {[%emt 0:03:16]} 31. Ng4 {[%emt 0:07:18]} h5 {[%emt 0:00:38]} 32. Ne3 {[%emt 0:00:25]} g5 {[%emt 0:07:05]} 33. Rxa8 {[%emt 0:03:10]} Nxa8 {[%emt 0:00:01]} 34. f5 {[%emt 0:00:57]} h4 {[%emt 0:03:03]} 35. gxh4 {[%emt 0:00:15]} gxh4 {[%emt 0:01:09]} 36. h3 {[%emt 0:00:59]} e5 {[%emt 0:01:34]} 37. Na5 {[%emt 0:06:39]} e4+ {[%emt 0:00:14]} 38. Ke2 {[%emt 0:00:25]} Kd7 {[%emt 0:01:29]} 39. b5 {[%emt 0:00:05]} Bf4 {[%emt 0:06:46]} 40. bxc6+ {[%emt 0:05:04]} Kd6 {[%emt 0:00:10]} 41. Nc2 {[%emt 0:00:05]} Nc7 {[%emt 0:00:36]} 42. Nb4 {[%emt 0:00:07]} Bc1 {[%emt 0:03:12]} 43. Nb7+ {[%emt 0:00:08]} Ke7 {[%emt 0:00:07]} 44. c4 {[%emt 0:00:51]} dxc4 {[%emt 0:01:04]} 45. Nc2 {[%emt 0:01:38]} Bf4 {[%emt 0:01:36]} 46. Na5 {[%emt 0:00:20]} c3 {[%emt 0:00:27]} 47. Nc4 {[%emt 0:00:32]} Nd5 {[%emt 0:01:08]} 48. Kf2 {[%emt 0:00:37]} Kd8 {[%emt 0:01:19]} 49. N4e3 {[%emt 0:00:32]} Bg3+ {[%emt 0:05:53]} 50. Kf1 {[%emt 0:00:15]} Nf4 {[%emt 0:00:24]} 51. Nd1 {[%emt 0:00:34]} Nxh3 {[%emt 0:00:14]} 52. Nxc3 {[%emt 0:00:03]} Ng5 {[%emt 0:00:12]} 53. Kg2 {[%emt 0:00:12]} Kc7 54. d5 {[%emt 0:00:25]} Be5 {[%emt 0:00:54]} 55. Nb5+ {[%emt 0:00:34]} Kb6 {[%emt 0:00:28]} 56. Nba3 {[%emt 0:00:32]} Kc5 {[%emt 0:01:45]} 57. Ne3 {[%emt 0:00:01]} Kd4 {[%emt 0:00:39]} 58. Nac2+ {[%emt 0:00:34]} Kc5 {[%emt 0:00:34]} 59. Ng4 {[%emt 0:00:26]} h3+ {[%emt 0:00:30]} 60. Kh1 {[%emt 0:00:05]} Kd6 61. Nxe5 {[%emt 0:00:17]} fxe5 {[%emt 0:00:51]} 62. f6 {[%emt 0:00:10]} Nf7 {[%emt 0:00:30]} 63. Ne3 {[%emt 0:00:04]} Kc7 {[%emt 0:00:47]} 64. Kh2 {[%emt 0:00:07]} Nd6 {[%emt 0:00:11]} 65. Kxh3 {[%emt 0:00:09]} Kd8 {[%emt 0:00:21]} 66. Kg4 {[%emt 0:00:12]} Ke8 {[%emt 0:00:04]} 67. Nf5 {[%emt 0:00:59]} Nf7 {[%emt 0:01:23]} 68. d6 {[%emt 0:00:48]} Kd8 {[%emt 0:00:20]} 69. Kg3 {[%emt 0:01:59]} Kc8 {[%emt 0:00:47]} 70. Ne7+ {[%emt 0:00:09]} 1-0

[Event "9th Sharjah Cup Women 2018"]
[Site "Sharjah"]
[Date "2018.12.20"]
[Round "9"]
[White "Drljevic, Ljilja"]
[Black "Nass, Sara"]
[Result "1-0"]
[WhiteElo "2208"]
[BlackElo "1840"]
[Annotator "ChessBase"]
[PlyCount "65"]
[EventDate "2018.12.14"]
[EventType "swiss"]
[EventCountry "UAE"]
[SourceTitle "playchess.com"]
[Source "ChessBase"]
[SourceQuality "1"]
[TimeControl "5400+30"]

1. g3 {[%emt 0:00:00]} e5 {[%emt 0:00:00]} 2. c4 {[%emt 0:00:00]} d6 {[%emt 0:00:20]} 3. Bg2 {[%emt 0:00:19]} g6 {[%emt 0:00:40]} 4. Nc3 {[%emt 0:01:37]} Bg7 {[%emt 0:00:33]} 5. d3 {[%emt 0:02:34]} Ne7 {[%emt 0:01:05]} 6. e4 {[%emt 0:16:24]} O-O {[%emt 0:03:11]} 7. Be3 {[%emt 0:02:21]} Nbc6 {[%emt 0:08:05]} 8. Qd2 {[%emt 0:03:37]} Nd4 {[%emt 0:03:10]} 9. h4 {[%emt 0:06:36]} h5 {[%emt 0:03:41]} 10. O-O-O {[%emt 0:01:56]} a6 {[%emt 0:01:40]} 11. f3 {[%emt 0:02:23]} b5 {[%emt 0:01:33]} 12. g4 {[%emt 0:02:01]} hxg4 {[%emt 0:01:36]} 13. h5 {[%emt 0:00:24]} gxh5 {[%emt 0:02:37]} 14. Bh6 {[%emt 0:07:00]} Ng6 {[%emt 0:05:34]} 15. Rxh5 {[%emt 0:02:25]} Nf4 {[%emt 0:01:53]} 16. Bxf4 {[%emt 0:05:19]} exf4 {[%emt 0:00:29]} 17. Qxf4 {[%emt 0:00:53]} Qf6 {[%emt 0:02:19]} 18. Qxf6 {[%emt 0:07:27]} Bxf6 {[%emt 0:00:09]} 19. Nd5 {[%emt 0:01:15]} Bd8 {[%emt 0:00:11]} 20. Ne3 {[%emt 0:08:08]} g3 {[%emt 0:05:24]} 21. Nh3 {[%emt 0:06:54]} Kg7 {[%emt 0:02:08]} 22. Rh1 {[%emt 0:02:20]} Rg8 {[%emt 0:06:57]} 23. Kd2 {[%emt 0:11:01]} Be6 {[%emt 0:01:55]} 24. Ng5 {[%emt 0:01:51]} Bxg5 {[%emt 0:01:38]} 25. Rxg5+ {[%emt 0:00:04]} Kf6 {[%emt 0:00:42]} 26. Rgh5 {[%emt 0:00:42]} Rab8 {[%emt 0:02:03]} 27. b3 {[%emt 0:00:27]} Rg5 {[%emt 0:02:13]} 28. Rh6+ {[%emt 0:00:54]} Ke7 {[%emt 0:00:10]} 29. f4 {[%emt 0:00:23]} Rgg8 {[%emt 0:05:09]} 30. f5 {[%emt 0:00:14]} Bd7 {[%emt 0:00:27]} 31. Nd5+ {[%emt 0:00:33]} Kd8 {[%emt 0:00:14]} 32. Nf6 {[%emt 0:00:52]} Rf8 {[%emt 0:00:27]} 33. Rh8 {[%emt 0:00:20]} 1-0